Basic documents in international law / (Record no. 587026)

000 -LEADER
fixed length control field 01773cam a22003974a 4500
001 - CONTROL NUMBER
control field 15346163
003 - CONTROL NUMBER IDENTIFIER
control field NUST
005 - DATE AND TIME OF LATEST TRANSACTION
control field 20211203115001.0
008 - FIXED-LENGTH DATA ELEMENTS--GENERAL INFORMATION
fixed length control field 080627s2009 enk 001 0 eng
010 ## - LIBRARY OF CONGRESS CONTROL NUMBER
LC control number 2008028937
015 ## - NATIONAL BIBLIOGRAPHY NUMBER
National bibliography number GBA875316
Source bnb
016 7# - NATIONAL BIBLIOGRAPHIC AGENCY CONTROL NUMBER
Record control number 014640530
Source Uk
020 ## - INTERNATIONAL STANDARD BOOK NUMBER
International Standard Book Number 9780199217717 (pbk. : alk. paper)
020 ## - INTERNATIONAL STANDARD BOOK NUMBER
International Standard Book Number 0199217718
035 ## - SYSTEM CONTROL NUMBER
System control number (OCoLC)ocn231883442
035 ## - SYSTEM CONTROL NUMBER
System control number (OCoLC)231883442
Canceled/invalid control number (OCoLC)230724562
038 ## - RECORD CONTENT LICENSOR
Staff Name waseem
040 ## - CATALOGING SOURCE
Original cataloging agency DLC
Transcribing agency DLC
Modifying agency YDX
-- UKM
-- YDXCP
-- BTCTA
-- BAKER
-- DLC
050 00 - LIBRARY OF CONGRESS CALL NUMBER
Classification number KZ64
Item number .B37 2009
082 00 - DEWEY DECIMAL CLASSIFICATION NUMBER
Classification number 341
Author Mark BAS
245 00 - TITLE STATEMENT
Title Basic documents in international law /
Statement of responsibility, etc. edited by Ian Brownlie.
250 ## - EDITION STATEMENT
Edition statement 6th ed.
260 ## - PUBLICATION, DISTRIBUTION, ETC.
Place of publication, distribution, etc. Oxford [England] ;
-- New York :
Name of publisher, distributor, etc. Oxford University Press,
Date of publication, distribution, etc. 2009.
300 ## - PHYSICAL DESCRIPTION
Extent ix, 425 p. ;
Dimensions 25 cm.
500 ## - GENERAL NOTE
General note Includes index.
505 0# - FORMATTED CONTENTS NOTE
Formatted contents note International organizations -- The Law of the Sea -- Outer space -- Diplomatic relations -- Permanent sovereignty over natural resources -- Human rights and self-determination -- Law of Treaties -- State responsibility -- Judicial settlement of disputes -- International criminal law.
563 ## - BINDING INFORMATION
Binding note PBK.
650 #0 - SUBJECT ADDED ENTRY--TOPICAL TERM
Topical term or geographic name entry element International law
Form subdivision Sources.
9 (RLIN) 85598
700 1# - ADDED ENTRY--PERSONAL NAME
Personal name Brownlie, Ian.
9 (RLIN) 85599
856 41 - ELECTRONIC LOCATION AND ACCESS
Materials specified Table of contents only
Uniform Resource Identifier <a href="http://www.loc.gov/catdir/toc/ecip0822/2008028937.html">http://www.loc.gov/catdir/toc/ecip0822/2008028937.html</a>
856 42 - ELECTRONIC LOCATION AND ACCESS
Materials specified Contributor biographical information
Uniform Resource Identifier <a href="http://www.loc.gov/catdir/enhancements/fy0907/2008028937-b.html">http://www.loc.gov/catdir/enhancements/fy0907/2008028937-b.html</a>
856 42 - ELECTRONIC LOCATION AND ACCESS
Materials specified Publisher description
Uniform Resource Identifier <a href="http://www.loc.gov/catdir/enhancements/fy0907/2008028937-d.html">http://www.loc.gov/catdir/enhancements/fy0907/2008028937-d.html</a>
906 ## - LOCAL DATA ELEMENT F, LDF (RLIN)
a 7
b cbc
c orignew
d 1
e ecip
f 20
g y-gencatlg
942 ## - ADDED ENTRY ELEMENTS (KOHA)
Source of classification or shelving scheme
Koha item type Book
Holdings
Withdrawn status Lost status Source of classification or shelving scheme Damaged status Not for loan Permanent Location Current Location Shelving location Date acquired Source of acquisition Full call number Barcode Date last seen Price effective from Koha item type Public note
          NUST Law School (NLS) NUST Law School (NLS) Law 12/03/2021 Pakistan Law House 341 BAS CL-902 06/04/2025 12/03/2021 Book Transfer to Center for Legal Research (NLS)
© 2023 Central Library, National University of Sciences and Technology. All Rights Reserved.